000 00692nam a2200217 i 4500
001 181328
003 ES-MaACL
005 20250911062854.0
008 121210s2011 sp | |||||||| | spa d
020 _a978-84-9895-771-6
080 _a821.134.2(82)-14"19"
100 1 _aMujica, Hugo,
_d1942-
_9151943
245 1 0 _aY siempre después el viento /
_cHugo Mujica.
260 _aMadrid :
_bVisor Libros,
_cD.L. 2011.
300 _a73 p. ;
_c20 cm.
490 1 _aColección Visor de poesía ;
_vv. 771
830 0 _aColección Visor de poesía
_vv. 771
_9177331
852 _aES-MaACL
_jA-12392
_9188212
_bR.146735
_cDEPO1
_dOlim: N-5397
942 _2udc
_cMONOGRAFIA
999 _c181328
_d181328